000
00322nam a2200133Ia 4500
008
190723s9999 xx 000 0 und d
020
_a
978-07356-7966-5
100
_a
Karl Wiegers
245
0
_a
Software Requirements
250
_a
3rd. Ed.
260
_a
Washington
_b
Microsoft Press
_c
2013
300
_a
637:p
942
_c
BK
999
_c
1963
_d
1963